000 01010cam a2200301 a 4500
999 _c330743
_d330743
001 1650526
003 NUST
005 20180116122344.0
008 971009s1995 pk a b 001 0 eng
010 _a 96930714
020 _a9693505549
025 _aP-E-96930714; 07; 12
040 _aDLC
_cDLC
_dDLC
042 _alcode
043 _aa-pk---
050 0 0 _aDS392.2.P47
_bD36 1995
082 0 0 _a954.9123
_bDAN
100 1 _aDani, Ahmad Hasan.
_93723
245 1 0 _aPeshawar :
_bhistoric city of the Frontier /
_cAhmad Hasan Dani.
260 _aLahore :
_bSang-e-Meel Publications,
_c1995.
300 _a320 p. :
_bill. (some col.), folded maps ;
_c22 cm.
504 _aIncludes bibliographical references (p. [293]-308) and index.
651 0 _aPeshawar (Pakistan)
_xHistory.
_93724
906 _a7
_bcbc
_corigode
_d3
_encip
_f19
_gy-gencatlg
942 _2ddc
_cBK